Relativistic laser nano-plasmonics for effective fast particle production

Elmentve itt :
Bibliográfiai részletek
Szerzők: Andreev Alexander
Platonov K.
Braenzel J.
Lübcke A.
Das S.
Messaoudi H.
Grunwald R.
Gray C.
McGlynn E.
Schnürer M.
Dokumentumtípus: Cikk
Megjelent: 2016
Sorozat:PLASMA PHYSICS AND CONTROLLED FUSION 58 No. 1
Tárgyszavak:
doi:10.1088/0741-3335/58/1/014038

mtmt:33206857
Online Access:http://publicatio.bibl.u-szeged.hu/27973
LEADER 01007nab a2200313 i 4500
001 publ27973
005 20230727134332.0
008 230727s2016 hu o 0|| Angol d
022 |a 0741-3335 
024 7 |a 10.1088/0741-3335/58/1/014038  |2 doi 
024 7 |a 33206857  |2 mtmt 
040 |a SZTE Publicatio Repozitórium  |b hun 
041 |a Angol 
100 1 |a Andreev Alexander 
245 1 0 |a Relativistic laser nano-plasmonics for effective fast particle production  |h [elektronikus dokumentum] /  |c  Andreev Alexander 
260 |c 2016 
300 |a 10 
490 0 |a PLASMA PHYSICS AND CONTROLLED FUSION  |v 58 No. 1 
650 4 |a Fizikai tudományok 
700 0 1 |a Platonov K.  |e aut 
700 0 1 |a Braenzel J.  |e aut 
700 0 1 |a Lübcke A.  |e aut 
700 0 1 |a Das S.  |e aut 
700 0 1 |a Messaoudi H.  |e aut 
700 0 1 |a Grunwald R.  |e aut 
700 0 1 |a Gray C.  |e aut 
700 0 1 |a McGlynn E.  |e aut 
700 0 1 |a Schnürer M.  |e aut 
856 4 0 |u http://publicatio.bibl.u-szeged.hu/27973/1/33206857.pdf  |z Dokumentum-elérés